[Event "Poznan op-A 17th"]
[Site "Poznan"]
[Date "2008.07.25"]
[Round "7"]
[White "Maciejczak, Jakub"]
[Black "Plonczak, Dominik"]
[Result "1-0"]
[WhiteElo "2344"]
[BlackElo "2162"]
[PlyCount "69"]
[EventDate "2008.07.19"]
[EventType "swiss"]
[EventRounds "9"]
[EventCountry "POL"]
[SourceTitle "EXT 2009"]
[Source "ChessBase"]
[SourceDate "2008.11.26"]
[SourceVersion "1"]
[SourceVersionDate "2008.11.26"]
[SourceQuality "1"]

1. e4 e5 2. Nf3 Nc6 3. Bb5 Nf6 4. d3 d6 5. c3 Be7 6. 0-0 0-0 7. Re1 a6 8. Ba4 b5 9. Bc2 Bg4 10. Nbd2 d5 11. h3 Bh5 12. Qe2 d4 13. Nf1 Bxf3 14. Qxf3 Nd7 15. Qg4 Nc5 16. Ng3 Kh8 17. Nf5 Bf6 18. cxd4 Nxd4 19. Nxd4 Qxd4 20. Be3 Qd6 21. Rac1 Rac8 22. b4 Ne6 23. Bb3 Nd4 24. Bxf7 Qxb4 25. Qh5 Qe7 26. Bg6 h6 27. Bxd4 exd4 28. Bf5 Bg5 29. Qg6 Rxf5 30. exf5 Qd7 31. Rc6 Bf6 32. Rxf6 gxf6 33. Qxh6+ Kg8 34. Re4 Qxf5 35. Re7 1-0

[Event "Poznan op-A 17th"]
[Site "Poznan"]
[Date "2008.07.23"]
[Round "5"]
[White "Malaniuk, Vladimir P"]
[Black "Plonczak, Dominik"]
[Result "1-0"]
[WhiteElo "2508"]
[BlackElo "2162"]
[PlyCount "91"]
[EventDate "2008.07.19"]
[EventType "swiss"]
[EventRounds "9"]
[EventCountry "POL"]
[SourceTitle "EXT 2009"]
[Source "ChessBase"]
[SourceDate "2008.11.26"]
[SourceVersion "1"]
[SourceVersionDate "2008.11.26"]
[SourceQuality "1"]

1. d4 Nf6 2. Nf3 g6 3. c4 c6 4. Nc3 d5 5. e3 Bg7 6. Be2 0-0 7. 0-0 a5 8. b3 Na6 9. Bb2 Bg4 10. h3 Bf5 11. Na4 Nc7 12. Ne5 Nd7 13. Nxd7 Bxd7 14. Rc1 b5 15. Nc5 bxc4 16. bxc4 Ne6 17. Nxd7 Qxd7 18. Qa4 Rfb8 19. Ba3 Ra7 20. Rb1 Rab7 21. Rxb7 Qxb7 22. Bd3 Ra8 23. Rb1 Qc7 24. Rc1 Qb7 25. cxd5 cxd5 26. Qb5 Qxb5 27. Bxb5 Bf8 28. Bc6 Rd8 29. Rb1 Nc7 30. Bc5 e6 31. Bb6 Rb8 32. Rb3 Na6 33. Bxa5 Nb4 34. Bd7 Rb7 35. Bxe6 fxe6 36. a3 Nc6 37. Rxb7 Nxa5 38. Ra7 Nc4 39. a4 Bb4 40. h4 h6 41. Kf1 e5 42. dxe5 Nxe5 43. a5 Nc6 44. Ra8+ Kg7 45. a6 Bd6 46. a7 1-0